000
00305nam a2200121Ia 4500
008
190216s9999||||xx |||||||||||||| ||und||
100
_a
Anilkumar De
245
0
_a
Enviormental Chemistry
260
_b
New Age International Publishers
_c
2000
300
_a
392p
650
_a
Chemistry-Chemistry
942
_c
BK
999
_c
2892
_d
2892